| 000 | 00705nam a2200193Ii 4500 | ||
|---|---|---|---|
| 003 | JO-AjNU | ||
| 008 | 230605s9999||||xx |||||||||||||| ||und|| | ||
| 040 |
_aJO-AjNU _bara _erda _cJO-AjNU |
||
| 041 | _aara | ||
| 050 | 1 | 4 | _aPJ6126.J32 1998 |
| 100 | 3 |
_aتأليف الجبوري،محمود شكر, _eauthor _914376 |
|
| 245 | 0 | 0 | _aالخط العربي قيم ومفاهيم والزخرفة الإسلامية |
| 264 | 3 | 1 | _aاربد: دار الامل للنشر والتوزيع، 1998 |
| 300 | _a242ص | ||
| 336 |
_atext _btxt _2rdacontent |
||
| 337 |
_aunmediated _bn _2rdamedia |
||
| 338 |
_avolume _bnc _2rdacarrier |
||
| 650 | 4 |
_aالخط العربي-الكتابة-اللغة العربية _914377 |
|
| 999 |
_aA3819 _c7387 _d7387 |
||